NFL 2025 Team Stat Leaders - Statistics

General Stats
  • This quiz has been taken 69 times
  • The average score is 101 of 205
Answer Stats
Hint Answer % Correct
3,668 Josh Allen
88%
8.5 Josh Hines-Allen
88%
1,478 Bijan Robinson
86%
7 Chris Jones
86%
3,101 Daniel Jones
86%
4 Donte Jackson
86%
5 | 126 Ernest Jones IV
86%
3,366 Jacoby Brissett
86%
2,549 Lamar Jackson
86%
5 Travis Jones
86%
1,014 Wan'Dale Robinson
86%
3,942 Caleb Williams
84%
1,595 Derrick Henry
84%
3 Evan Williams
84%
1,201 Javonte Williams
84%
1,793 Jaxon Smith-Njigba
84%
1,252 Kyren Williams
84%
7 Leonard Williams
84%
1,982 Michael Penix Jr.
84%
1,401 Amon-Ra St. Brown
82%
1,019 Chase Brown
82%
5 Derrick Brown
82%
1,008 Devonta Smith
82%
3,025 Geno Smith
82%
2 Harrison Smith
82%
2 Ji'Ayir Brown
82%
3,587 Patrick Mahomes
82%
130 Roquan Smith
82%
3,011 Bryce Young
80%
12 Byron Young
80%
2 Donovan Wilson
80%
1,621 James Cook
80%
1,809 Joe Burrow
80%
1,585 Jonathan Taylor
80%
3,381 Jordan Love
80%
4,707 Matthew Stafford
80%
126 Payton Wilson
80%
1,211 Zay Flowers
80%
3,931 Bo Nix
79%
4,552 Dak Prescott
79%
1,223 Jahmyr Gibbs
79%
4,564 Jared Goff
79%
4,394 Drake Maye
77%
395 Garrett Wilson
77%
1,429 George Pickens
77%
1,412 Ja'Marr Chase
77%
3,727 Justin Herbert
77%
928 Kyle Pitts
77%
23 Myles Garrett
77%
4,007 Trevor Lawrence
77%
3,041 C.J. Stroud
75%
3,224 Jalen Hurts
75%
1,632 J.J. McCarthy
75%
1,400 Shedeur Sanders
75%
2,660 Tua Tagovailoa
75%
3,322 Aaron Rodgers
73%
3 | 6.5 Jalyx Hunt
73%
1,048 Justin Jefferson
73%
611 Kareem Hunt
73%
1,027 Kenneth Walker III
73%
1,715 Puka Nacua
73%
128 Quay Walker
73%
1,013 Stefon Diggs
73%
4 Tony Jefferson
73%
851 Travis Kelce
73%
975 Ashton Jeanty
71%
3,693 Baker Mayfield
71%
2,167 Brock Purdy
71%
3,169 Cam Ward
71%
1,087 D'Andre Swift
71%
1,350 De'Von Achane
71%
2,272 Jaxson Dart
71%
929 Josh Jacobs
71%
4,048 Sam Darnold
71%
1,239 Trey McBride
71%
1,003 Alec Pierce
70%
1,065 Breece Hall
70%
1,140 Saquon Barkley
70%
1,202 | 924 Christian McCaffrey
68%
1,017 Courtland Sutton
68%
719 Khalil Shakir
68%
471 Alvin Kamara
66%
1,163 Chris Olave
66%
850 DK Metcalf
66%
1,117 Nico Collins
66%
827 Quinshon Judkins
66%
1,076 Rico Dowdle
66%
713 Colston Loveland
64%
910 Jaylen Waddle
64%
1,259 Justin Fields
64%
1,107 Travis Etienne Jr.
64%
2,384 Tyler Shough
64%
14.5 Aidan Hutchinson
63%
12.5 Micah Parsons
63%
2 T.J. Watt
63%
1,082 Tony Pollard
63%
588 Bucky Irving
61%
2 Ja'Quan McMillan
61%
789 Ladd McConkey
61%
1,695 Marcus Mariota
61%
1,014 Tetairoa McMillan
61%
911 TreVeyon Henderson
59%
938 Emeka Egbuka
55%
772 J.K. Dobbins
55%
724 Romeo Doubs
55%
703 Woody Marks
55%
15 Danielle Hunter
54%
16.5 Brian Burns
52%
958 Jaylen Warren
52%
10 Maxx Crosby
52%
740 Tyrone Tracy Jr.
46%
120 Budda Baker
45%
643 Kimani Vidal
45%
696 Tre Tucker
45%
727 Deebo Samuel
43%
174 Devin White
43%
731 Harold Fannin Jr.
43%
758 Jordan Mason
43%
333 Michael Carter
43%
12 Josh Sweat
41%
10 Montez Sweat
41%
162 Bobby Wagner
39%
11 Jeffery Simmons
38%
10.5 Cameron Jordan
36%
143 Demario Davis
36%
7 Kevin Byard
36%
14 Nik Bonitto
36%
5 Jaycee Horn
34%
847 Parker Washington
34%
3 Kerby Joseph
32%
4 Marlon Humphrey
32%
8.5 Bradley Chubb
30%
176 Jack Campbell
30%
805 Jacory Croskey-Merritt
29%
10.5 James Pearce Jr.
29%
123 Zach Baun
29%
156 Carson Schwesinger
27%
2 Jaylen Watson
27%
91 Shemar James
27%
7 Byron Murphy II
25%
2 Byron Murphy Jr.
25%
5.5 Myles Murphy
25%
9.5 Alex Highsmith
23%
5 Devin Lloyd
23%
4 Jalen Pitre
23%
560 Chig Okonkwo
21%
183 Jordyn Brooks
20%
97 Robert Spillane
20%
112 Tremaine Edmunds
20%
3 Emmanuel Forbes Jr.
18%
114 Lavonte David
18%
132 Nate Landman
18%
8 Will McDonald IV
18%
7 Greg Rousseau
16%
154 Nick Bolton
16%
103 Azeez Al-Shaair
14%
3 Cobie Durant
14%
3 | 85 Cole Bishop
14%
8 Dallas Turner
14%
9 Von Miller
14%
5 Xavier Watts
14%
125 Zaire Franklin
14%
135 Alex Singleton
13%
4 Cam Bynum
13%
143 Foyesade Oluokun
13%
8.5 Harold Landry III
13%
8.5 Laiatu Latu
13%
2 Rasul Douglas
13%
13 Tuli Tuipulotu
13%
2 | 143 Bobby Okereke
11%
122 Christian Rozeboom
11%
3 Kool-Aid McKinstry
11%
5 Nic Scourton
11%
101 Dee Winters
9%
2 Dru Phillips
9%
8.5 Jadaveon Clowney
9%
154 Jamien Sherwood
9%
2 Deommodore Lenoir
7%
2 Dondrea Tillman
7%
3 Jamel Dean
7%
4 Jaylinn Hawkins
7%
107 Kaden Elliss
7%
2 Kyle Dugger
7%
144 Blake Cashman
5%
164 Cedric Gray
5%
3 Devin Bush
5%
2 Jack Sawyer
5%
4 | 125 Jordan Battle
5%
7 Yaya Diaby
5%
103 Daiyan Henley
4%
3 Denzel Burke
4%
4 Mike Sainristil
4%
7 Uchenna Nwosu
4%
2 Brandin Echols
2%
4 Bryce Huff
2%
2 Joshua Metellus
2%
4 Clelin Ferrell
0%
3 Cody Barton
0%
3 Kyu Blu Kelly
0%
No matching quizzes found
Score Distribution
Percent of People with Each Score
Percentile by Number Answered
Your Score History
You have not taken this quiz